S. Chand's ICSE Computer Applications with Bluej Based Java Programming : (Record no. 175272)
[ view plain ]
| 000 -LEADER | |
|---|---|
| fixed length control field | 00688nam a22001817a 4500 |
| 005 - DATE AND TIME OF LATEST TRANSACTION | |
| control field | 20200819160737.0 |
| 010 ## - LCCN (DPL NO) | |
| LC control number | ENG-128362 |
| 020 ## - INTERNATIONAL STANDARD BOOK NUMBER | |
| Terms of availability | 410.00 |
| International Standard Book Number | 9789352838295 |
| 035 ## - SYSTEM CONTROL NUMBER | |
| System control number | EN-111894 |
| 037 ## - SOURCE OF ACQUISITION | |
| Source of stock number/acquisition | DBAD/PUB |
| 082 ## - DEWEY DECIMAL CLASSIFICATION NUMBER | |
| Classification number | 004 |
| 100 ## - MAIN ENTRY--PERSONAL NAME | |
| Personal name | Mehrotra, Dheeraj |
| 245 ## - TITLE STATEMENT | |
| Title | S. Chand's ICSE Computer Applications with Bluej Based Java Programming : |
| Statement of responsibility, etc | by Dheeraj Mehrotra |
| Remainder of title | For class X/ |
| 260 ## - PUBLICATION, DISTRIBUTION, ETC. (IMPRINT) | |
| Place of publication, distribution, etc | New Delhi |
| Name of publisher, distributor, etc | S Chand School Books |
| Date of publication, distribution, etc | 2020 |
| 270 ## - ADDRESS | |
| Address | B-1/D-1 Ground Floor Mohan Co-Operative Industrial Estate Mathura Road |
| City | New Delhi |
| Postal code | 110044 |
| Telephone number | 011-66672000 |
| Electronic mail address | info@schandpublishing.com |
| 300 ## - PHYSICAL DESCRIPTION | |
| Extent | 406p. |
| Dimensions | 26.5cm(pbk) |
| Other physical details | Illustrations |
| 942 ## - ADDED ENTRY ELEMENTS (KOHA) | |
| Source of classification or shelving scheme | Dewey Decimal Classification |
| Item type | English Books |
| Classification part | 004 |
| Call number suffix | MEH |
| Withdrawn status | Lost status | Not for loan | Collection code | Home library | Current library | Date acquired | Source of acquisition | Cost, normal purchase price | Full call number | Barcode | Copy number | Cost, replacement price | Koha item type |
|---|---|---|---|---|---|---|---|---|---|---|---|---|---|
| Non-fiction | Ashok Vihar | Ashok Vihar | 19/08/2020 | DBAD/PUB | 410.00 | 004 MEH | EN-111894 | 1 | 410.00 | English Books |
